| 000 | 01208cab a2200229 4500 | ||
|---|---|---|---|
| 001 | ABS50346 | ||
| 008 | 090401t1994 xxu||||| |||| 00| 0 eng d | ||
| 035 | _a(Sirsi) u75384 | ||
| 041 | _aeng | ||
| 245 | _aArmstrong & Holmes v Holmes and another | ||
| 260 | _c1994 | ||
| 350 | _a0 | ||
| 490 |
_aAll England Law Reports _v1994 1 AllER 826-832(7) |
||
| 520 | _aChD 17 June 1993. By a written agreement in October 1986, first defendant H granted (A) a five year option to purchase a piece of land at open market price registered as an estate contract under Land Charges Act 1972 s2(4) in March 1988. A wanted to instigate the option in October 1988 but H had contracted to sell part of the land to D, the sale of which was completed in January 1991. A issued a writ to enforce option. Held that a registration of the option was sufficient warning to a later potential purchaser ffrom the grantor of the option and additional registration was not required. D`s appeal dismissed. | ||
| 650 | _aCONTRACT OF SALE | ||
| 650 | _aLAND CHARGES ACT 1972 | ||
| 650 | _aOPTION TO PURCHASE | ||
| 650 | _aSALE AND PURCHASE | ||
| 690 | _aPROPERTY LAW AND PRACTICE-CASE LAW | ||
| 942 | _n0 | ||
| 948 | _c04/03/1997 | ||
| 999 |
_c47474 _d47474 |
||